[Event "Iran Men Final Chess Championship2015"]
[Site "Iran - Tehran"]
[Date "2016.01.20"]
[Round "1"]
[Board "2"]
[White "Mousavi, Seyed Khalil"]
[Black "Bagheri, Maziar"]
[Result "1-0"]
[WhiteElo "2425"]
[BlackElo "2262"]
[PlyCount "0"]
[EventDate "2016.01.20"]
[EventRounds "11"]
[EventCountry "IRI"]

1. Nf3 {[%clk 1:30:56]} Nf6 {[%clk 1:30:52]} 2. c4 {[%clk 1:30:30]} e6
{[%clk 1:30:12]} 3. g3 {[%clk 1:30:36]} d5 {[%clk 1:30:30]} 4. b3
{[%clk 1:31:05]} Be7 {[%clk 1:30:46]} 5. Bg2 {[%clk 1:30:56]} O-O
{[%clk 1:31:08]} 6. O-O {[%clk 1:30:48]} c5 {[%clk 1:31:23]} 7. Bb2
{[%clk 1:30:26]} Nc6 {[%clk 1:31:43]} 8. e3 {[%clk 1:30:49]} dxc4
{[%clk 1:25:18]} 9. bxc4 {[%clk 1:31:11]} Qb6 {[%clk 1:24:36]} 10. Qc1
{[%clk 1:21:37]} Nb4 {[%clk 1:20:26]} 11. Ne1 {[%clk 1:19:02]} Bd7
{[%clk 1:17:12]} 12. a3 {[%clk 1:16:27]} Nc6 {[%clk 1:17:16]} 13. d3
{[%clk 1:15:15]} Rfd8 {[%clk 1:04:01]} 14. Nc3 {[%clk 1:09:16]} a6
{[%clk 1:00:26]} 15. Rb1 {[%clk 1:08:33]} Qc7 {[%clk 1:00:53]} 16. Nf3
{[%clk 0:49:46]} Rab8 {[%clk 0:53:54]} 17. Ba1 {[%clk 0:46:36]} Ng4
{[%clk 0:53:13]} 18. Ne4 {[%clk 0:42:44]} Nce5 {[%clk 0:47:24]} 19. Qc3
{[%clk 0:38:15]} f6 {[%clk 0:47:07]} 20. Nxe5 {[%clk 0:37:41]} Nxe5
{[%clk 0:47:12]} 21. Rfc1 {[%clk 0:36:51]} Bc6 {[%clk 0:38:11]} 22. d4
{[%clk 0:34:32]} Nf7 {[%clk 0:37:41]} 23. Rd1 {[%clk 0:27:20]} b6
{[%clk 0:34:32]} 24. Qb3 {[%clk 0:17:40]} cxd4 {[%clk 0:15:23]} 25. exd4
{[%clk 0:15:51]} Qd7 {[%clk 0:11:06]} 26. Re1 b5 27. d5 {[%clk 0:06:18]} exd5
{[%clk 0:10:01]} 28. cxd5 {[%clk 0:06:40]} Bxd5 {[%clk 0:09:53]} 29. Nxf6+
{[%clk 0:06:43]} gxf6 {[%clk 0:07:48]} 30. Bxd5 {[%clk 0:06:28]} Qxd5
{[%clk 0:08:16]} 31. Qxd5 {[%clk 0:06:46]} Rxd5 {[%clk 0:08:44]} 32. Rxe7
{[%clk 0:07:09]} Rd6 {[%clk 0:06:53]} 33. Kg2 {[%clk 0:06:33]} Rc8
{[%clk 0:01:57]} 34. Rbe1 {[%clk 0:05:18]} Rc2 {[%clk 0:01:12]} 35. R1e4
{[%clk 0:04:30]} Rc4 {[%clk 0:00:37]} 36. Rxc4 {[%clk 0:03:50]} bxc4
{[%clk 0:01:05]} 37. Rc7 {[%clk 0:04:18]} Nd8 {[%clk 0:01:05]} 38. Rxc4
{[%clk 0:03:59]} Nc6 {[%clk 0:01:33]} 39. Ra4 {[%clk 0:04:10]} Ne7
{[%clk 0:02:01]} 40. Bd4 {[%clk 0:02:17]} Nd5 {[%clk 0:02:18]} 41. Rc4
{[%clk 0:01:30]} Kf7 {[%clk 0:02:37]} 42. Kf3 {[%clk 0:00:41]} Ke6
{[%clk 0:03:06]} 43. h4 {[%clk 0:29:53]} Kd7 {[%clk 0:31:09]} 44. Ke4
{[%clk 0:29:20]} Nc7 {[%clk 0:27:48]} 45. a4 {[%clk 0:27:54]} Re6+
{[%clk 0:26:41]} 46. Kd3 {[%clk 0:27:19]} Rd6 {[%clk 0:26:37]} 47. Kc2
{[%clk 0:24:42]} Ne8 {[%clk 0:26:31]} 48. Bc3 {[%clk 0:22:37]} Nc7
{[%clk 0:26:08]} 49. Rg4 {[%clk 0:22:36]} Rc6 {[%clk 0:25:37]} 50. Rg7+
{[%clk 0:18:58]} Ke6 {[%clk 0:26:02]} 51. Kd3 {[%clk 0:18:52]} Rd6+
{[%clk 0:25:48]} 52. Bd4 {[%clk 0:18:52]} Nd5 {[%clk 0:25:58]} 53. Rxh7
{[%clk 0:18:21]} Nb4+ {[%clk 0:26:15]} 54. Kc4 {[%clk 0:18:30]} Nc2
{[%clk 0:26:43]} 55. Bc5 {[%clk 0:18:22]} Kd5+ 1-0

[Event "Iran Men Final Chess Championship2015"]
[Site "Iran - Tehran"]
[Date "2016.01.20"]
[Round "1"]
[Board "3"]
[White "Javanbakht, Nima"]
[Black "Maghsoodloo, Parham"]
[Result "0-1"]
[WhiteElo "2422"]
[BlackElo "2450"]
[PlyCount "0"]
[EventDate "2016.01.20"]
[EventRounds "11"]
[EventCountry "IRI"]

1. d4 Nf6 2. c4 g6 3. Nc3 d5 4. cxd5 Nxd5 5. e4 Nxc3 6. bxc3 Bg7 7. Bc4 c5 8. Ne2
O-O 9. O-O Nc6 10. Be3 b6 11. Qd2 Bb7 12. Rac1 Rc8 13. Rfd1 cxd4 14. cxd4 Qd7 15.
Bb5 a6 16. Ba4 b5 17. Bb3 e6 18. h4 Qd8 19. Bg5 Qd6 20. h5 e5 21. d5 Nb8 22. h6
Bh8 23. Qa5 Nd7 24. Rxc8 Rxc8 25. Rc1 Bf6 26. Rxc8+ Bxc8 27. Bxf6 Nxf6 28. f3 Kf8
29. a4 Bd7 30. axb5 axb5 31. Kh2 Ne8 32. Qd2 Qc5 33. Nc1 Ke7 34. Nd3 Qd4 35. f4
Nf6 36. fxe5 Ng4+ 37. Kg3 Nxe5 38. Bc2 f6 39. Qb4+ Qxb4 40. Nxb4 Kd6 41. Nd3 Nf7
42. Kf4 g5+ 43. Ke3 Nxh6 44. Kd4 Ng4 45. Bd1 Ne5 46. Nc5 Be8 47. Ne6 Bd7 48. Nc5
Bc8 49. Be2 b4 50. Na4 g4 51. Nb6 Bd7 52. g3 h5 53. Nc4+ Nxc4 54. Kxc4 Bb5+ 55.
Kxb5 b3 56. Kc4 b2 57. e5+ fxe5 58. Kd4 0-1

[Event "Iran Men Final Chess Championship2015"]
[Site "Iran - Tehran"]
[Date "2016.01.20"]
[Round "1"]
[Board "5"]
[White "Lorparizangeneh, Shahin"]
[Black "Darini, Pouria"]
[Result "1/2-1/2"]
[WhiteElo "2442"]
[BlackElo "2474"]
[PlyCount "0"]
[EventDate "2016.01.20"]
[EventRounds "11"]
[EventCountry "IRI"]

1. Nf3 {[%clk 1:30:27]} Nf6 {[%clk 1:30:51]} 2. c4 {[%clk 1:30:51]} c5
{[%clk 1:30:47]} 3. Nc3 {[%clk 1:30:24]} Nc6 {[%clk 1:31:09]} 4. g3
{[%clk 1:30:29]} d5 {[%clk 1:31:15]} 5. d4 {[%clk 1:27:39]} e6 {[%clk 1:23:46]}
6. cxd5 {[%clk 1:24:22]} Nxd5 {[%clk 1:23:55]} 7. Bg2 {[%clk 1:23:38]} cxd4
{[%clk 1:19:38]} 8. Nxd4 {[%clk 1:23:34]} Nxc3 {[%clk 1:19:56]} 9. bxc3
{[%clk 1:23:54]} Nxd4 {[%clk 1:20:19]} 10. Qxd4 {[%clk 1:21:47]} Qxd4
{[%clk 1:18:58]} 11. cxd4 {[%clk 1:22:16]} Bb4+ {[%clk 1:19:13]} 12. Bd2
{[%clk 1:22:03]} Bxd2+ {[%clk 1:19:34]} 13. Kxd2 {[%clk 1:22:32]} Ke7
{[%clk 1:08:43]} 14. Rhc1 {[%clk 0:53:13]} Rd8 {[%clk 1:08:38]} 15. Rc7+
{[%clk 0:53:20]} Rd7 {[%clk 1:08:23]} 16. Rac1 {[%clk 0:52:28]} Kd8
{[%clk 1:08:45]} 17. Rxd7+ {[%clk 0:52:25]} Kxd7 {[%clk 1:09:13]} 18. Kc3
{[%clk 0:52:32]} Kd8 {[%clk 0:45:24]} 19. Kb4 {[%clk 0:45:17]} Bd7
{[%clk 0:40:29]} 20. Rc5 {[%clk 0:37:52]} Rb8 {[%clk 0:28:00]} 21. Ra5
{[%clk 0:19:01]} a6 {[%clk 0:28:21]} 22. a4 {[%clk 0:18:47]} b5 {[%clk 0:24:26]}
23. Rxa6 {[%clk 0:18:01]} bxa4+ {[%clk 0:24:54]} 24. Kc5 {[%clk 0:18:02]} Ke7
{[%clk 0:21:07]} 25. Ra7 {[%clk 0:17:46]} Rb2 {[%clk 0:15:31]} 26. Bf3
{[%clk 0:17:24]} Rc2+ {[%clk 0:12:31]} 27. Kb4 {[%clk 0:17:17]} Kd6
{[%clk 0:11:59]} 28. Ra6+ {[%clk 0:16:48]} Ke7 {[%clk 0:12:21]} 29. Ra7
{[%clk 0:16:21]} Kd6 {[%clk 0:08:56]} 30. Ra6+ {[%clk 0:15:04]} Ke7
{[%clk 0:07:42]} 31. Ra7 Kd6 32. Ra6+ Ke5 1/2-1/2

[Event "Iran Men Final Chess Championship2015"]
[Site "Iran - Tehran"]
[Date "2016.01.20"]
[Round "1"]
[Board "6"]
[White "Gholami, Aryan"]
[Black "Noroozi, Omid"]
[Result "1-0"]
[WhiteElo "2398"]
[BlackElo "2399"]
[PlyCount "0"]
[EventDate "2016.01.20"]
[EventRounds "11"]
[EventCountry "IRI"]

1. e4 {[%clk 1:30:57]} c5 {[%clk 1:30:22]} 2. Nf3 {[%clk 1:30:00]} d6
{[%clk 1:30:43]} 3. c3 {[%clk 1:31:36]} Nf6 {[%clk 1:31:01]} 4. Be2
{[%clk 1:31:59]} g6 {[%clk 1:31:04]} 5. O-O {[%clk 1:31:49]} Bg7 {[%clk 1:31:27]}
6. Bb5+ {[%clk 1:30:43]} Bd7 {[%clk 1:21:58]} 7. Bxd7+ {[%clk 1:30:54]} Qxd7
{[%clk 1:20:11]} 8. Re1 {[%clk 1:31:06]} Nc6 {[%clk 1:14:53]} 9. d4
{[%clk 1:30:59]} cxd4 {[%clk 1:06:32]} 10. cxd4 {[%clk 1:31:21]} d5
{[%clk 1:06:57]} 11. e5 {[%clk 1:29:35]} Ne4 {[%clk 1:06:49]} 12. Nc3
{[%clk 1:29:03]} Nxc3 {[%clk 1:03:02]} 13. bxc3 {[%clk 1:29:26]} O-O
{[%clk 1:02:02]} 14. h4 {[%clk 1:27:32]} Rfc8 {[%clk 0:37:55]} 15. h5
{[%clk 1:18:43]} Nd8 {[%clk 0:36:32]} 16. Bd2 {[%clk 1:16:36]} Rc6
{[%clk 0:32:16]} 17. g3 {[%clk 1:08:46]} Qg4 {[%clk 0:28:17]} 18. hxg6
{[%clk 1:06:18]} fxg6 {[%clk 0:20:20]} 19. Kg2 {[%clk 1:05:01]} Nf7
{[%clk 0:14:35]} 20. Qb3 {[%clk 1:03:38]} Qd7 {[%clk 0:14:41]} 21. e6
{[%clk 1:02:48]} Rxe6 {[%clk 0:15:04]} 22. Rxe6 {[%clk 1:03:12]} Qxe6
{[%clk 0:15:32]} 23. Qxb7 {[%clk 1:03:32]} Rf8 {[%clk 0:15:39]} 24. Re1
{[%clk 0:55:35]} Qf5 {[%clk 0:13:12]} 25. Rxe7 {[%clk 0:54:31]} Kh8
{[%clk 0:04:08]} 26. Qd7 {[%clk 0:53:19]} Qf6 {[%clk 0:04:37]} 27. Bf4
{[%clk 0:46:13]} g5 {[%clk 0:00:46]} 28. Nxg5 {[%clk 0:44:22]} Nxg5
{[%clk 0:01:14]} 29. Rxg7 {[%clk 0:44:42]} Ne6 {[%clk 0:01:41]} 30. Rg4 1-0

[Event "Iran Men Final Chess Championship2015"]
[Site "Iran - Tehran"]
[Date "2016.01.21"]
[Round "3"]
[Board "4"]
[White "Lorparizangeneh, Shahin"]
[Black "Maghsoodloo, Parham"]
[Result "1/2-1/2"]
[WhiteElo "2442"]
[BlackElo "2450"]
[PlyCount "0"]
[EventDate "2016.01.20"]
[EventRounds "11"]
[EventCountry "IRI"]

1. c4 {[%clk 1:30:41]} Nf6 {[%clk 1:30:17]} 2. Nc3 {[%clk 1:30:54]} e5
{[%clk 1:30:17]} 3. g3 {[%clk 1:27:24]} Bb4 {[%clk 1:30:18]} 4. Bg2
{[%clk 1:27:11]} O-O {[%clk 1:30:02]} 5. Nf3 {[%clk 1:23:25]} Nc6
{[%clk 1:29:30]} 6. O-O {[%clk 1:21:59]} e4 {[%clk 1:29:29]} 7. Ng5
{[%clk 1:21:21]} Bxc3 {[%clk 1:29:46]} 8. bxc3 {[%clk 1:21:43]} Re8
{[%clk 1:26:29]} 9. f3 {[%clk 1:21:19]} exf3 {[%clk 1:24:05]} 10. Nxf3
{[%clk 1:21:03]} Qe7 {[%clk 1:19:20]} 11. d4 {[%clk 1:04:11]} h6 {[%clk 1:15:24]}
12. Nh4 {[%clk 0:51:59]} d6 {[%clk 1:11:59]} 13. e3 {[%clk 0:51:03]} Bg4
{[%clk 1:08:52]} 14. Qd3 {[%clk 0:40:04]} Qd7 {[%clk 1:02:55]} 15. Nf5
{[%clk 0:37:05]} Bxf5 {[%clk 0:59:43]} 16. Rxf5 {[%clk 0:35:34]} Ne7
{[%clk 0:58:58]} 17. Rf1 {[%clk 0:34:46]} c6 {[%clk 0:57:31]} 18. e4
{[%clk 0:34:31]} Qe6 {[%clk 0:54:32]} 19. d5 {[%clk 0:20:19]} Qg4
{[%clk 0:52:29]} 20. Bxh6 {[%clk 0:18:58]} Ng6 {[%clk 0:47:25]} 21. Bf4
{[%clk 0:16:02]} Ne5 {[%clk 0:46:24]} 22. Bxe5 {[%clk 0:15:13]} Rxe5
{[%clk 0:46:44]} 23. dxc6 {[%clk 0:12:32]} bxc6 {[%clk 0:47:05]} 24. Qxd6
{[%clk 0:12:55]} Rae8 {[%clk 0:38:55]} 25. Rae1 {[%clk 0:12:46]} Qe6
{[%clk 0:35:49]} 26. Qxe6 {[%clk 0:11:52]} R8xe6 {[%clk 0:35:52]} 27. Rd1
{[%clk 0:11:26]} c5 {[%clk 0:30:44]} 28. Rd8+ {[%clk 0:10:14]} Kh7
{[%clk 0:31:13]} 29. Rf8 {[%clk 0:09:02]} Re7 {[%clk 0:31:00]} 30. Rc8
{[%clk 0:07:14]} Nxe4 {[%clk 0:24:04]} 31. Bxe4+ {[%clk 0:06:55]} Rxe4
{[%clk 0:24:33]} 32. Rxc5 {[%clk 0:07:18]} Re3 {[%clk 0:24:51]} 33. Rcf5
{[%clk 0:07:15]} f6 {[%clk 0:24:43]} 34. R5f3 {[%clk 0:05:36]} R3e4
{[%clk 0:24:49]} 35. Rf4 {[%clk 0:05:48]} Re3 {[%clk 0:25:12]} 36. Rc1
{[%clk 0:05:21]} Re2 {[%clk 0:25:28]} 37. Rf2 {[%clk 0:05:06]} R2e4
{[%clk 0:25:18]} 38. Rb2 {[%clk 0:03:31]} Rxc4 {[%clk 0:25:24]} 39. Rb4
{[%clk 0:03:56]} Rc5 {[%clk 0:23:47]} 40. Rc2 {[%clk 0:04:09]} Re3
{[%clk 0:21:43]} 41. Rh4+ {[%clk 0:03:43]} Kg6 {[%clk 0:20:27]} 42. c4
{[%clk 0:30:46]} Kf5 {[%clk 0:47:46]} 43. Kf2 {[%clk 0:23:38]} Re4
{[%clk 0:47:32]} 44. Rxe4 {[%clk 0:15:31]} Kxe4 {[%clk 0:47:58]} 45. Re2+
{[%clk 0:15:55]} Kf5 {[%clk 0:48:21]} 46. Re7 {[%clk 0:15:56]} Rxc4
{[%clk 0:48:50]} 47. Rxa7 {[%clk 0:15:20]} Rc2+ {[%clk 0:49:18]} 48. Kf3
{[%clk 0:15:08]} Rxh2 {[%clk 0:49:20]} 49. Rxg7 {[%clk 0:15:30]} Rxa2
{[%clk 0:49:46]} 50. g4+ {[%clk 0:15:54]} Ke5 51. Ke4+ 1/2-1/2

[Event "Iran Men Final Chess Championship2015"]
[Site "Iran - Tehran"]
[Date "2016.01.22"]
[Round "4"]
[Board "6"]
[White "Mousavi, Seyed Khalil"]
[Black "Javanbakht, Nima"]
[Result "0-1"]
[WhiteElo "2425"]
[BlackElo "2422"]
[PlyCount "0"]
[EventDate "2016.01.20"]
[EventRounds "11"]
[EventCountry "IRI"]

1. c4 {[%clk 1:30:51]} e6 {[%clk 1:30:46]} 2. Nf3 {[%clk 1:30:43]} d5
{[%clk 1:31:04]} 3. d4 {[%clk 1:31:07]} Nf6 {[%clk 1:31:25]} 4. e3
{[%clk 1:31:01]} Be7 {[%clk 1:31:31]} 5. Bd3 {[%clk 1:23:40]} O-O
{[%clk 1:31:15]} 6. O-O {[%clk 1:22:02]} dxc4 {[%clk 1:31:07]} 7. Bxc4
{[%clk 1:22:16]} a6 {[%clk 1:31:34]} 8. Qe2 {[%clk 1:17:50]} b5 {[%clk 1:31:41]}
9. Bd3 {[%clk 1:18:19]} Bb7 {[%clk 1:32:05]} 10. Rd1 {[%clk 1:18:45]} Nbd7
{[%clk 1:31:08]} 11. b3 {[%clk 1:10:57]} c5 {[%clk 1:30:21]} 12. dxc5
{[%clk 1:09:26]} Qc7 {[%clk 1:27:37]} 13. b4 {[%clk 0:55:42]} a5 {[%clk 1:27:44]}
14. Nc3 {[%clk 0:53:04]} Bxf3 {[%clk 1:18:04]} 15. gxf3 {[%clk 0:47:08]} axb4
{[%clk 1:18:01]} 16. Nxb5 {[%clk 0:47:10]} Qxc5 {[%clk 1:16:16]} 17. Bb2
{[%clk 0:44:38]} Qb6 {[%clk 1:08:28]} 18. Nd4 {[%clk 0:39:56]} Nc5
{[%clk 1:06:17]} 19. Bb5 {[%clk 0:37:53]} Rfc8 {[%clk 1:06:03]} 20. Rdc1
{[%clk 0:36:08]} Nd5 {[%clk 0:58:49]} 21. a3 {[%clk 0:31:50]} e5 {[%clk 0:43:20]}
22. axb4 {[%clk 0:29:03]} Rxa1 {[%clk 0:40:55]} 23. Bxa1 {[%clk 0:25:40]} Nxb4
{[%clk 0:23:41]} 24. Nf5 {[%clk 0:24:54]} Qg6+ {[%clk 0:23:42]} 25. Ng3
{[%clk 0:25:21]} h5 {[%clk 0:22:23]} 26. Qb2 {[%clk 0:21:38]} Bf8
{[%clk 0:12:55]} 27. Qb1 {[%clk 0:15:05]} Qg5 {[%clk 0:11:14]} 28. h4
{[%clk 0:12:47]} Qf6 {[%clk 0:10:15]} 29. f4 {[%clk 0:09:56]} Qb6
{[%clk 0:08:31]} 30. Qf5 {[%clk 0:07:54]} exf4 {[%clk 0:08:57]} 31. Nxh5
{[%clk 0:05:04]} Rc7 {[%clk 0:07:21]} 32. Be5 {[%clk 0:03:25]} Ra7
{[%clk 0:06:45]} 33. Bc4 {[%clk 0:02:42]} fxe3 {[%clk 0:07:10]} 34. Kh2
{[%clk 0:02:27]} exf2 {[%clk 0:06:26]} 35. Qg4 {[%clk 0:01:09]} Qh6
{[%clk 0:06:03]} 36. Rf1 {[%clk 0:00:36]} Nbd3 {[%clk 0:06:08]} 37. Bg3
{[%clk 0:00:33]} Bd6 {[%clk 0:02:48]} 38. Qc8+ {[%clk 0:00:36]} Kh7
{[%clk 0:03:17]} 39. Qf5+ {[%clk 0:00:34]} Qg6 {[%clk 0:01:56]} 40. Qxg6+
{[%clk 0:00:32]} fxg6 {[%clk 0:01:44]} 41. Bxd6 {[%clk 0:00:44]} gxh5
{[%clk 0:02:12]} 42. Bxc5 {[%clk 0:27:55]} Nxc5 {[%clk 0:33:00]} 43. Rxf2
{[%clk 0:28:23]} Ra4 {[%clk 0:31:46]} 44. Rf4 {[%clk 0:27:57]} Kh6
{[%clk 0:31:59]} 45. Kg3 {[%clk 0:27:28]} Ra3+ {[%clk 0:30:24]} 46. Kg2
{[%clk 0:27:27]} Nd7 {[%clk 0:30:44]} 47. Be6 {[%clk 0:25:40]} Nf6
{[%clk 0:30:54]} 48. Rd4 {[%clk 0:22:12]} Kg6 {[%clk 0:29:59]} 49. Rf4
{[%clk 0:21:04]} Ra5 {[%clk 0:28:44]} 50. Rd4 {[%clk 0:19:59]} Re5
{[%clk 0:28:59]} 51. Bh3 {[%clk 0:19:36]} Nd5 {[%clk 0:28:45]} 52. Kf3
{[%clk 0:19:00]} Kf6 {[%clk 0:26:57]} 53. Re4 {[%clk 0:17:27]} Rxe4
{[%clk 0:27:20]} 54. Kxe4 {[%clk 0:17:52]} Ne7 {[%clk 0:27:47]} 55. Bd7
{[%clk 0:14:53]} g6 {[%clk 0:27:29]} 56. Kf4 {[%clk 0:10:38]} Nf5
{[%clk 0:27:47]} 57. Ba4 {[%clk 0:11:02]} Nxh4 {[%clk 0:28:05]} 58. Bd1
{[%clk 0:11:30]} Nf5 {[%clk 0:28:18]} 59. Ba4 {[%clk 0:11:26]} g5+
{[%clk 0:28:14]} 60. Ke4 {[%clk 0:11:37]} Ng7 {[%clk 0:28:18]} 61. Bd1
{[%clk 0:11:48]} Kg6 {[%clk 0:28:15]} 62. Ke5 {[%clk 0:12:01]} g4
{[%clk 0:27:53]} 63. Kf4 {[%clk 0:12:03]} Ne6+ {[%clk 0:28:18]} 64. Kg3
{[%clk 0:11:18]} Kg5 {[%clk 0:28:40]} 65. Bb3 {[%clk 0:11:39]} Nd4
{[%clk 0:28:57]} 66. Bf7 {[%clk 0:11:33]} h4+ {[%clk 0:29:20]} 67. Kf2
{[%clk 0:11:58]} Kf4 {[%clk 0:29:33]} 0-1

[Event "Iran Men Final Chess Championship2015"]
[Site "Iran - Tehran"]
[Date "2016.01.24"]
[Round "7"]
[Board "3"]
[White "Gholami, Aryan"]
[Black "Mousavi, Seyed Khalil"]
[Result "1/2-1/2"]
[WhiteElo "2398"]
[BlackElo "2425"]
[PlyCount "0"]
[EventDate "2016.01.20"]
[EventRounds "11"]
[EventCountry "IRI"]

1. d4 {[%clk 1:30:55]} d5 {[%clk 1:30:08]} 2. Nf3 {[%clk 1:31:00]} Nf6
{[%clk 1:30:00]} 3. c4 {[%clk 1:31:04]} dxc4 {[%clk 1:27:21]} 4. e3
{[%clk 1:29:40]} e6 {[%clk 1:27:45]} 5. Bxc4 {[%clk 1:29:53]} c5 {[%clk 1:27:27]}
6. O-O {[%clk 1:29:12]} a6 {[%clk 1:27:33]} 7. a3 {[%clk 1:22:08]} b5
{[%clk 1:25:24]} 8. Bd3 cxd4 {[%clk 1:17:38]} 9. exd4 {[%clk 1:19:24]} Be7
{[%clk 1:16:08]} 10. Nc3 {[%clk 1:18:23]} Bb7 {[%clk 1:15:31]} 11. Qe2
{[%clk 1:15:53]} O-O {[%clk 1:14:20]} 12. Be3 {[%clk 1:12:57]} Nbd7
{[%clk 1:13:43]} 13. Rac1 {[%clk 1:11:21]} Nb6 {[%clk 1:11:52]} 14. Ne5
{[%clk 1:11:29]} Rc8 {[%clk 1:10:35]} 15. Rfd1 {[%clk 1:00:04]} Nbd5
{[%clk 1:07:53]} 16. Nxd5 {[%clk 0:57:10]} Qxd5 {[%clk 1:02:06]} 17. f3
{[%clk 0:55:13]} Qd6 {[%clk 0:57:27]} 18. Bf2 {[%clk 0:33:12]} Nd5
{[%clk 0:45:58]} 19. Rxc8 {[%clk 0:29:06]} Rxc8 {[%clk 0:43:22]} 20. Bb1
{[%clk 0:29:23]} b4 {[%clk 0:31:00]} 21. Nd3 {[%clk 0:22:50]} Nf4
{[%clk 0:22:48]} 22. Nxf4 {[%clk 0:21:43]} Qxf4 {[%clk 0:23:15]} 23. axb4
{[%clk 0:14:40]} Bxb4 {[%clk 0:17:09]} 24. Be4 {[%clk 0:14:21]} Bxe4
{[%clk 0:15:51]} 25. Qxe4 {[%clk 0:11:02]} Qc1 {[%clk 0:14:34]} 26. Qd3
{[%clk 0:08:35]} h6 {[%clk 0:10:46]} 27. Rxc1 {[%clk 0:07:29]} Rxc1+
{[%clk 0:11:11]} 28. Be1 {[%clk 0:05:18]} Bxe1 {[%clk 0:11:26]} 29. g4
{[%clk 0:05:25]} Bc3+ {[%clk 0:09:33]} 30. Kg2 {[%clk 0:05:14]} Bxb2
{[%clk 0:08:36]} 31. Qxa6 {[%clk 0:05:19]} g5 {[%clk 0:06:45]} 32. Qd3
{[%clk 0:04:37]} Rc8 {[%clk 0:05:23]} 33. d5 {[%clk 0:04:18]} exd5
{[%clk 0:03:37]} 34. Qxd5 {[%clk 0:04:28]} Bc1 {[%clk 0:01:45]} 35. h3
{[%clk 0:04:05]} Bf4 {[%clk 0:01:27]} 36. Qf5 {[%clk 0:04:08]} Re8
{[%clk 0:01:27]} 37. Kf2 {[%clk 0:03:45]} Re5 {[%clk 0:01:26]} 38. Qc8+
{[%clk 0:03:59]} Kg7 {[%clk 0:01:47]} 39. Qc3 {[%clk 0:04:20]} Kg6
{[%clk 0:01:00]} 40. Qc2+ {[%clk 0:04:41]} Kg7 {[%clk 0:01:23]} 41. Qc3
{[%clk 0:05:04]} Kf8 {[%clk 0:00:34]} 42. Qc8+ {[%clk 0:05:05]} Re8
{[%clk 0:00:45]} 43. Qc6 {[%clk 0:05:06]} Re6 {[%clk 0:00:45]} 44. Qc2
{[%clk 0:05:00]} Ke7 {[%clk 0:29:54]} 45. Qc5+ {[%clk 0:35:55]} Rd6
{[%clk 0:30:01]} 46. Ke1 {[%clk 0:35:53]} Kf6 {[%clk 0:28:17]} 47. Qf5+
{[%clk 0:35:49]} Kg7 {[%clk 0:28:36]} 48. Qc8 {[%clk 0:33:47]} Rd3
{[%clk 0:27:39]} 49. Qc6 {[%clk 0:34:05]} Rb3 {[%clk 0:26:43]} 50. Kf1
{[%clk 0:31:12]} Rb1+ {[%clk 0:25:59]} 51. Kg2 {[%clk 0:31:08]} Rb2+
{[%clk 0:25:18]} 52. Kf1 {[%clk 0:31:19]} Be5 {[%clk 0:24:37]} 53. Qe4
{[%clk 0:31:26]} Bf6 {[%clk 0:23:29]} 54. Kg1 {[%clk 0:31:29]} Rd2
{[%clk 0:22:02]} 55. Qe1 {[%clk 0:29:27]} Bc3 {[%clk 0:18:33]} 56. Qe4
{[%clk 0:29:04]} Bf6 {[%clk 0:17:40]} 57. Qe1 {[%clk 0:29:21]} Rb2
{[%clk 0:16:53]} 58. Qe4 {[%clk 0:29:23]} Rb5 {[%clk 0:16:19]} 59. Qc4
{[%clk 0:29:00]} Rb6 {[%clk 0:15:51]} 60. Qe4 {[%clk 0:28:59]} Rd6
{[%clk 0:16:15]} 61. Qc2 {[%clk 0:28:33]} Rd4 {[%clk 0:16:21]} 62. Kg2
{[%clk 0:27:22]} Be5 {[%clk 0:15:40]} 63. Qf5 {[%clk 0:27:26]} Rd2+
{[%clk 0:15:37]} 64. Kf1 {[%clk 0:27:34]} Bd4 {[%clk 0:14:54]} 65. Qe4
{[%clk 0:27:51]} Bf6 {[%clk 0:14:36]} 66. Kg1 {[%clk 0:28:06]} Rd4
{[%clk 0:14:45]} 67. Qc2 {[%clk 0:28:13]} Rb4 {[%clk 0:09:25]} 68. Qd3
{[%clk 0:28:18]} Rd4 {[%clk 0:09:10]} 69. Qc2 {[%clk 0:28:45]} Rf4
{[%clk 0:09:30]} 70. Qd3 {[%clk 0:28:56]} Ra4 {[%clk 0:09:23]} 71. Kg2
{[%clk 0:29:02]} Ra1 {[%clk 0:09:03]} 72. Qe4 {[%clk 0:29:15]} Ra2+
{[%clk 0:09:08]} 73. Kg1 {[%clk 0:29:37]} Rd2 {[%clk 0:09:25]} 74. Qe1
{[%clk 0:29:43]} Rd4 {[%clk 0:09:53]} 75. Qb1 {[%clk 0:29:48]} Rd6
{[%clk 0:09:48]} 76. Qe4 {[%clk 0:29:44]} Re6 {[%clk 0:10:03]} 77. Qd3
{[%clk 0:29:56]} Be5 {[%clk 0:10:30]} 78. Kf1 {[%clk 0:29:34]} Rd6
{[%clk 0:10:34]} 79. Qe4 {[%clk 0:29:48]} Bf4 {[